Operators see the light (Record no. 75378)

MARC details
000 -LEADER
fixed length control field 01640cab a2200241 4500
001 - CONTROL NUMBER
control field L129991
008 - FIXED-LENGTH DATA ELEMENTS--GENERAL INFORMATION
fixed length control field 050613n2005 000 0 eng u
035 ## - SYSTEM CONTROL NUMBER
System control number (Sirsi) u129991
041 ## - LANGUAGE CODE
Language code of text/sound track or separate title eng
100 ## - MAIN ENTRY--PERSONAL NAME
Personal name Dowden, Malcolm
245 ## - TITLE STATEMENT
Title Operators see the light
260 ## - PUBLICATION, DISTRIBUTION, ETC.
Date of publication, distribution, etc. 2005
490 ## - SERIES STATEMENT
Series statement Estates Gazette
Volume/sequential designation (0522) 4 June 2005, 124-126(3)
520 ## - SUMMARY, ETC.
Summary, etc. Considers what the telecommunications industry has done to counter the negative public perception of the effectiveness of the controls on the location and development of mobile phone sites. Looks at the 10 commitments signed up to by the mobile operators in 2000, which set out best practice for community and planner consultations and committed operators to funding and facilitating research on the health risks associated with telecommunications equipment. Looks at the improvements since the formation of the Mobile Operators' Association in 2003. Examines how safeguards and protection can be built into base-station site agreements to meet the key concerns of landowners and estate managers. Concludes that the industry is developing a balanced approach to addressing the issues affecting government, landowners and the public. Appended is an explanation by members of the RICS Telecommunications Forum of how sites are selected and what criteria are used.
590 ## - LOCAL NOTE (RLIN)
Local note IKA210605
690 ## - LOCAL SUBJECT ADDED ENTRY--TOPICAL TERM (OCLC, RLIN)
Topical term or geographic name as entry element PROPERTY-INFRASTRUCTURE-TELECOMMUNICATIONS INFRASTRUCTURE
700 ## - ADDED ENTRY--PERSONAL NAME
Personal name Short, Elinor
700 ## - ADDED ENTRY--PERSONAL NAME
Personal name Blatt, Derek
700 ## - ADDED ENTRY--PERSONAL NAME
Personal name Gallivan, Tom
700 ## - ADDED ENTRY--PERSONAL NAME
Personal name Hickish, Leo
710 ## - ADDED ENTRY--CORPORATE NAME
Corporate name or jurisdiction name as entry element Royal Institution of Chartered Surveyors
Subordinate unit Telecommunications Forum
9 (RLIN) 4469
942 ## - ADDED ENTRY ELEMENTS (KOHA)
Suppress in OPAC 0
Holdings
Withdrawn status Lost status Source of classification or shelving scheme Damaged status Not for loan Home library Current library Shelving location Date acquired Total Checkouts Full call number Barcode Date last seen Copy number Price effective from Koha item type
    Dewey Decimal Classification     London London Journal article 13/06/2005   L129991 129991-1001 06/08/2019 1 06/08/2019 Journal article